00655nam a2200277Ia 4500008004000000020001800040041000800058082001500066100001900081245008300100260003000183300001300213650000700226650001300233650001100246650001200257650001300269650000700282650000800289650001100297650001300308650000900321650001400330650000800344700002500352210210b2009 xxu||||| |||| 00| 0 eng d a9780415990899 aeng a378.1 COOH aCOOK (Anthony) aHow to recruit and retain higher education studentsbHandbook of good practice aNew YorkbRoutledgec2009 axiii,237 ato astudents aretain arecruit apractice aof aHow ahigher aHandbook agood aeducation aand aRUSHTON (Brian S) Ed